[Event "Sochi Amateur op 6th"]
[Site "Sochi"]
[Date "2019.04.11"]
[Round "7"]
[White "Dzapshba, Ruslan"]
[Black "Mainul, Islam"]
[Result "0-1"]
[WhiteElo "1730"]
[BlackElo "1292"]
[PlyCount "50"]
[EventDate "2019.04.07"]
[EventType "swiss"]
[EventRounds "9"]
[EventCountry "RUS"]
[SourceTitle "CBM 189 Extra"]
[Source "ChessBase"]
[SourceDate "2019.06.03"]
[SourceVersion "1"]
[SourceVersionDate "2019.06.03"]
[SourceQuality "1"]

1. e4 e5 2. Nf3 Nc6 3. Bc4 Bc5 4. d3 Nf6 5. 0-0 0-0 6. c3 d5 7. exd5 Nxd5 8. b4 Bb6 9. Bxd5 Qxd5 10. c4 Qd8 11. c5 Nxb4 12. cxb6 axb6 13. Ba3 c5 14. Bxb4 cxb4 15. Nxe5 Qd4 16. Nxf7 Qxa1 17. Nh6+ gxh6 18. Qb3+ Kh8 19. Qxb4 Qg7 20. Re1 Bh3 21. g3 Rxa2 22. f4 Rg8 23. Nd2 Rb2 24. Nb3 Rg2+ 25. Kh1 Rxh2+ 0-1

[Event "Sochi Amateur op 6th"]
[Site "Sochi"]
[Date "2019.04.08"]
[Round "2"]
[White "Pogorelskikh, Sergey"]
[Black "Mainul, Islam"]
[Result "1-0"]
[WhiteElo "2246"]
[BlackElo "1292"]
[PlyCount "63"]
[EventDate "2019.04.07"]
[EventType "swiss"]
[EventRounds "9"]
[EventCountry "RUS"]
[SourceTitle "CBM 189 Extra"]
[Source "ChessBase"]
[SourceDate "2019.06.03"]
[SourceVersion "1"]
[SourceVersionDate "2019.06.03"]
[SourceQuality "1"]

1. e4 e5 2. Nf3 Nc6 3. Bb5 Nf6 4. d3 d6 5. 0-0 a6 6. Ba4 b5 7. Bb3 Bg4 8. c3 d5 9. h3 dxe4 10. hxg4 exf3 11. Qxf3 Qd7 12. g5 Ng8 13. Bxf7+ Kd8 14. d4 Rb8 15. d5 Na5 16. Be6 Qd6 17. Nd2 Ne7 18. Ne4 Qb6 19. Be3 Qb7 20. Nc5 Qa8 21. Nd7 Nc4 22. Nxf8 Nxe3 23. fxe3 c6 24. d6 Nc8 25. Bxc8 Kxc8 26. Qf5+ Kb7 27. Qd7+ Kb6 28. Qc7+ Kc5 29. b4+ Kc4 30. Qf7+ Kd3 31. Rfd1+ Kxc3 32. Qb3# 1-0